000 00585nam a22002177a 4500
005 20240809123757.0
008 240809b |||||||| |||| 00| 0 eng d
020 _a0-7494-4445-2
082 _a332.1068
_bCHE-K
100 _aCheverton, Peter
245 _aKey Account Mnagement in Financial Services/
_cPeter Cheverton
250 _a1st ed.
260 _aIndia;
_bKogan Page;
_c2004
300 _axiv, 329 p.:
_bill.;
_c24 cm.
500 _aIncludes index.
650 _aManagement
700 _aTim Hughes
700 _aBryan Foss
700 _aMerlin Stone
999 _c36366
_d36366